Statistics for 2018 FIFA World Cup Captains

Click here to take the quiz!

General Stats

  • This quiz has been taken 243 times
  • The average score is 16 of 32

Answer Stats

CountryClubCaptain% Correct
PortugalReal MadridCristiano Ronaldo
96%
ArgentinaBarcelonaLionel Messi
96%
FranceTottenham HotspurHugo Lloris
94%
CroatiaReal MadridLuka Modric
93%
SpainReal MadridSergio Ramos
89%
EnglandTottenham HotspurHarry Kane
88%
GermanyBayern MunichManuel Neuer
87%
PolandBayern MunichRobert Lewandowski
87%
UruguayAtletico MadridDiego Godin
82%
BelgiumManchester CityVincent Kompany
81%
ColombiaAS MonacoRadamel Falcao
69%
MoroccoJuventusMehdi Benatia
63%
RussiaCSKA MoscowIgor Akinfeev
56%
Costa RicaSporting LisbonBryan Ruiz
54%
AustraliaAston VillaMile Jedinak
51%
DenmarkSevillaSimon Kjaer
47%
SwitzerlandJuventusStephan Lichtsteiner
42%
BrazilParis Saint GermainDani Alves
39%
MexicoReal BetisAndres Guardado
37%
SwedenKrasnodarAndreas Granqvist
32%
SerbiaZenit St PetersburgBranislav Ivanovic
32%
JapanEinttracht FrankfurtMakoto Hasebe
31%
NigeriaTianjin TedaJohn Obi Mikel
30%
SenegalWest Ham UnitedCheikhou Kouyate
29%
IcelandCardiff CityAron Gunnarsson
16%
PeruJuniorAlberto Rodriguez
11%
EgyptAl-TawoounEssam El-Hadary
10%
PanamaMunicipal (Gua)Felipe Baloy
9%
IranNottingham ForestAshkan Dejagah
6%
Saudi ArabiaAli-HilalOsama Hawsawi
6%
South KoreaVissel KobeJun Woo Young
5%
TunisiaAl-BatinAymen Mathlouthi
3%

Score Distribution

Percentile by Number Answered

Percent of People with Each Score

Your Score History

You have not taken this quiz